| 000 | 00678cam a22002413a 4500 | ||
|---|---|---|---|
| 001 | 15807 | ||
| 003 | PGUSA | ||
| 005 | 20140828083334.0 | ||
| 008 | 050509s2005||||xxu|||||s|||||000 | eng d | ||
| 040 |
_aPGUSA _beng |
||
| 042 | _adc | ||
| 050 | 4 | _aQ | |
| 100 | 1 |
_aWarren, Henry White, _d1831-1912 |
|
| 245 | 1 | 0 |
_aAmong the Forces _h[electronic resource] / _cHenry White Warren |
| 260 |
_bProject Gutenberg, _c2005 |
||
| 506 | _aPublic domain in the USA. | ||
| 516 | _aElectronic text | ||
| 653 | _aReligion and science | ||
| 653 | _aScience -- Juvenile literature | ||
| 830 | 0 |
_aProject Gutenberg _v15807 |
|
| 856 | 4 | 0 | _uhttp://www.gutenberg.org/ebooks/15807 |
| 942 | _cEB | ||
| 999 |
_c245062 _d245062 |
||